Click the English County on the Map - Whammies - Statistics

General Stats
  • This quiz has been taken 1,342 times
    1,341 since last reset
  • The average score is 21 of 47
Answers on the Map
Answers color-coded by a green-red scale on the quiz's map according to % correct below.
 
Answer Stats
Answer % Correct
Cornwall
63%
Isle of Wight
63%
City of Bristol
57%
Kent
57%
Devon
56%
North Yorkshire
56%
Cumbria
54%
Northumberland
54%
Greater London
53%
Suffolk
53%
East Riding of Yorkshire
52%
Norfolk
52%
Somerset
50%
West Yorkshire
50%
East Sussex
49%
Essex
49%
Lincolnshire
49%
Merseyside
49%
West Sussex
48%
Tyne and Wear
47%
Dorset
46%
Greater Manchester
46%
Rutland
46%
South Yorkshire
46%
Surrey
45%
Lancashire
44%
Cambridgeshire
42%
Durham
42%
Gloucestershire
40%
Hampshire
40%
Cheshire
39%
Oxfordshire
38%
Wiltshire
38%
Berkshire
37%
Nottinghamshire
36%
Buckinghamshire
34%
Leicestershire
33%
Northamptonshire
33%
West Midlands
33%
Herefordshire
32%
Hertfordshire
32%
Shropshire
32%
Warwickshire
32%
Derbyshire
31%
Staffordshire
31%
Worcestershire
31%
Bedfordshire
29%
No matching quizzes found
Score Distribution
Percent of People with Each Score
Percentile by Number Answered
Your Score History
You have not taken this quiz since the last reset